01340 a2200217 45000010006000000050017000060080041000230030015000640400040000790800033001192450020001520200018001722500012001902640036002023000025002385050712002630410008009751000020009837000020010038560099010234700620260407155739.0260407a1992 arg spa dAR-UNSa-BCEJYS aAR-UNSa-BCEJYSbspacAR-UNSa-BCEJYS a330.101.541xMacroeconomía10aMacroeconomía a84-85855-61-2 a3a. ed. 1aBarcelona :bAntoni Boschc1992 axxvi, 726 p.c22 cm. aParte I: Fundamentos de macroeconomía: 1. La macroeconomía - 2. Medición de los resultados económicos: la producción y la renta - 3. El seguimiento de la economía: la inflación y el empleo - 4. El modelo dl crecimiento a largo plazo - 5. La política fiscal y la política monetaria en una economía de pleno empleo - 6. Las fluctuaciones a corto plazo - 7. El modelo IS-LM - 8. El modelo completo - 9. La política macroeconómica: una primera aproximación - Parte II: Los fundamentos microeconómicos de la demanda agregada: la demanda de consumo - 11. La demanda de inversión - 12. El comercio exterior y el tipo de cambio - 13. El déficit público y la demanda agregada - 14.  aspa1 aTaylor, John B.1 aHall, Robert E.41uhttps://www.biblioeco.unsa.edu.ar/pmb/images/libros/L127372.jpgyImagen de portadaqimage/jpeg